Snel reken quiz zo maar even tussendoor quiz 10 - Statistieken

Algemene statistieken
  • Deze quiz is 24 keer genomen
  • De gemiddelde score is 14 van 15
Antwoordstatistieken
Hint Antwoord % Correct
2 x 7 = 14
100%
3 x 7 = 21
100%
4 x 7 = 28
100%
5 x 7 = 35
100%
1 x 7 = 7
100%
6 x 7 = 42
94%
7 x 7 = 49
94%
8 x 7 = 56
94%
9 x 7 = 63
94%
10 x 7 = 70
94%
11 x 7 = 77
94%
12 x 7 = 84
94%
13 x 7 = 91
88%
14 x 7 = 98
88%
15 x 7 = 105
81%
Geen overeenkomende quizzen gevonden
Scoreverdeling
Procent van Mensen met Elke Score
Percentiel versus Aantal Correcte Antwoorden
Uw Scoregeschiedenis
U heeft deze quiz nog niet genomen